000 01132nam0a22004211 4500
001 RU\NLR\A1SV\43564
005 20251203171251.9
035 _a(NLR Aleph) 009725750
090 _a9890101
_c9890101
100 _a20020809d1925 u y0rusy50 ca
101 0 _arus
102 _aRU
200 1 _aЖестокая брешь
_e(На смерть т. М.В.Фрунзе)
_fМ.Ас-кий
210 _aМ.
_aЛ.
_cГос. изд.
_d1925
215 _a16 с.
_cпортр.
_d24 см
300 _aНапеч. в Москве
600 1 _aФрунзе
_bМ.В.
_f1885-1925
_gМихаил Васильевич
620 _dСанкт-Петербург
620 _dМосква
701 1 _aАс-кий
_bМ.
_4070
801 0 _aRU
_bNLR
_c20020809
852 _aNLR
_j34/2525
852 _aNLR
_j34/2525а
899 _aНБ РМолд.
899 _aSLK
899 _aГПИБ
899 _aРКП
899 _aМГУ
899 _aБАН
899 _aГОПБ
899 _aУОНБ
899 _aРГБ
899 _aNLG
899 _aНБ ТГУ
942 _cBOOK
980 _aNB
980 _aA1SV